Statistics for The Least Guessed Things on the Most Played Quizzes

Click here to take the quiz!

General Stats

  • This quiz has been taken 79 times
  • The average score is 19 of 47

Answer Stats

Percentage guessedAnswer% Correct
Europe Map40%Kosovo
68%
Fifty States in One Minute19%Rhode Island
65%
US States64%Delaware
65%
United States Map40%Arkansas
65%
Countries of the World22%Nauru
63%
US States61%Connecticut
61%
Europe Map39%North Macedonia
61%
Countries of the World23%Palau
60%
United States Map41%Nebraska
58%
Fifty States in One Minute17%West Virginia
58%
Europe Map36%Montenegro
58%
Fifty States in One Minute20%Massachusetts
57%
US States60%Massachusetts
57%
US States62%Missouri
57%
United States Map39%Missouri
57%
Countries of the World21%Sao Tome and Principe
56%
United States Map43%Kansas
56%
Countries of the World22%Kiribati
54%
United States Map41%Iowa
54%
Countries of the World23%Tuvalu
53%
US States64%Maryland
53%
Europe Map42%Slovenia
50%
Europe Map41%Bosnia and Herzegovina
49%
US States64%Minnesota
47%
Fifty States in One Minute18%Pennsylvania
44%
Countries of the World22%Comoros
43%
Countries by First Two Letters11%Dj
40%
Countries by First Two Letters8%Ea
39%
Fifty States in One Minute22%Tennessee
38%
Countries by First Two Letters10%Cy
36%
Countries by First Two Letters10%Eq
33%
Countries of the World23%St Vincent and the Grenadines
26%
Countries by First Two Letters9%Tr
24%
US Presidents41%Franklin Pierce
21%
US Presidents42%Chester A Arthur
21%
Countries by First Two Letters11%Ku
19%
US Presidents39%Warren Harding
18%
US Presidents40%Rutherford B Hayes
18%
Countries by First Two Letters11%Rw
15%
World Capitals12%Ngerulmud
15%
World Capitals14%Honiara
14%
World Capitals14%South Tarawa
13%
World Capitals14%Palikir
13%
World Capitals14%Nuku'alofa
13%
US Presidents40%Millard Fillmore
11%
World Capitals13%Majuro
8%
World Capitals14%Nouakchott
7%

Score Distribution

Percentile by Number Answered

Percent of People with Each Score

Your Score History

You have not taken this quiz